Đánh giá đặc tính sinh trưởng và năng suất của sáu giống dòng Dưa hấu nhị bội : Luận văn Thạc sĩ Khoa học. Chuyên ngành: Sinh thái học

Đề tài được thực hiện nhằm mục tiêu là tìm các giống dòng có đặc tính sinh trưởng, năng suất và phẩm chất tốt để phục vụ cho công tác đa bội hóa - taoh cây cha mẹ tứ bội, phục vụ cho việc lai tạo giống lai tam bội không hạt....

ver descrição completa

Na minha lista:
Detalhes bibliográficos
Autor principal: Trương, Vũ Linh
Formato: Livro
Idioma:Undetermined
Publicado em: Cần Thơ Trường Đại học Cần Thơ 2012
Assuntos:
Tags: Adicionar Tag
Sem tags, seja o primeiro a adicionar uma tag!
Thư viện lưu trữ: Trung tâm Học liệu Trường Đại học Cần Thơ
LEADER 01228nam a2200229Ia 4500
001 CTU_174481
008 210402s9999 xx 000 0 und d
082 |a 635.615 
082 |b L312 
088 |a 60420120 
100 |a Trương, Vũ Linh 
245 0 |a Đánh giá đặc tính sinh trưởng và năng suất của sáu giống dòng Dưa hấu nhị bội : 
245 0 |b Luận văn Thạc sĩ Khoa học. Chuyên ngành: Sinh thái học 
245 0 |c Trương Vũ Linh ; Lâm Ngọc Phương (Người hướng dẫn khoa học) 
260 |a Cần Thơ 
260 |b Trường Đại học Cần Thơ 
260 |c 2012 
520 |a Đề tài được thực hiện nhằm mục tiêu là tìm các giống dòng có đặc tính sinh trưởng, năng suất và phẩm chất tốt để phục vụ cho công tác đa bội hóa - taoh cây cha mẹ tứ bội, phục vụ cho việc lai tạo giống lai tam bội không hạt. 
650 |a Watermelons,Dưa hấu 
650 |x Varieties,Giống 
904 |i Hằng Ni, Năm 
980 |a Trung tâm Học liệu Trường Đại học Cần Thơ